00949nam a2200241 i 45000010005000000030009000050050017000140070003000310080041000340200018000750800012000931000030001052450135001352600048002703000022003184900052003406500040003927000045004328300060004778520033005379990015005709520122005859571ES-MaACL20250814045116.0t|931108s1991 sp ||||1| spa d a84-7615-676-6 a530.1451 aBernstein, Jeremy.92836110aPerfiles cuánticos b: un análisis de la física cuántica / cJeremy Bernstein ; traductor, José Luis Sebastián Franco. aMadrid [etc.] : bMcGraw-Hill, cD.L. 1991. a149 p. ; c21 cm.1 aSerie McGraw-Hill de divulgación científica17aMecánica cuántica2embne9148721 aSebastián Franco, José Luis.91050140 aSerie McGraw-Hill de divulgación científica9178515 aES-MaACLjL-17103 bR.122038 c9571d9571 00104070aATENEOMbATENEOMcDEPO2d2008-01-17eSCl0oL-17103p1009767r2023-02-23 00:00:00w2023-02-23yMONOGRAFIA